Skoki Narciarskie - Najlepsi Szwajcarzy w PŚ w XXI wieku - Statystyki

Ogólne statystyki
  • Ten quiz został rozwiązany 131 razy
  • Średni wynik to 22 z 25
Statystyki odpowiedzi
Sezon Skoczek % Poprawnych
2001/02 Simon Ammann
100%
2002/03 Simon Ammann
100%
2003/04 Simon Ammann
100%
2006/07 Simon Ammann
100%
2008/09 Simon Ammann
100%
2009/10 Simon Ammann
100%
2010/11 Simon Ammann
100%
2011/12 Simon Ammann
100%
2012/13 Simon Ammann
100%
2013/14 Simon Ammann
100%
2014/15 Simon Ammann
100%
2015/16 Simon Ammann
100%
2016/17 Simon Ammann
100%
2017/18 Simon Ammann
100%
2020/21 Gregor Deschwanden
95%
2022/23 Gregor Deschwanden
95%
2023/24 Gregor Deschwanden
95%
2024/25 Gregor Deschwanden
95%
2018/19 Killian Peier
82%
2019/20 Killian Peier
82%
2021/22 Killian Peier
82%
2004/05 Andreas Kuttel
63%
2005/06 Andreas Kuttel
63%
2007/08 Andreas Kuttel
63%
2000/01 Sylvain Freiholz
14%
Nie znaleziono quizów pasujących do podanych kryteriów
Rozkład punktacji
Procent ludzi z każdym wynikiem
Percentyl według liczby udzielonych odpowiedzi
Twoja historia wyników
Nie rozwiązałeś tego quizu